000 00895nam a2200289Ia 4500
003 OSt
005 20221007122335.0
006 a|||||r|||| 00| 0
007 ta
008 221006b |||||||| |||| 00| 0 eng d
020 _a9788181473264 (pbk)
024 _a82060
037 _b6389, 06/10/2008, Sethi Book House
_cTextbook
040 _aPAPL
_cPAPL
_beng
041 _2eng
_aeng
082 _aCN2, L2;N6;1 Carpa
100 _aPathria R K
_9504814
245 0 _aStatistical mechanics
250 _a2
260 _aOxford
_bButterworth-Heinemann
_c1996
300 _axiv, 529p.
_ccm.
500 _aAppendices A-F, 495-512p.; Bibliography 513-522p.; Index 523-529p.
650 _a Statistical mechanics
650 _aPhysics
942 _hCN2, L2;N6;1 Carpa
_cTB
_2CC
999 _c1210174
_d1210174